000 00188 a2200097 4500
001 3185
100 _aMoorehead, A
245 _aMontgomery
260 _a
_bHamish
_c
090 _c2465
_d2465
942 _aNUST-CAE
_cM
_c16280
999 _c238258
_d238258